Study on farmer rice seeds and chemical fertilizer use under intergrated food security program kompot provice ការសិក្សាការប្រើប្រាស់ពូជស្រូវ​ និងជីគីមីរបស់កសិករក្រោមកម្មវិធីចំរុះដើម្បីសុវត្ថិភាពស្បៀង ខេត្តកំពត (Record no. 445)

000 -LEADER
fixed length control field 00750nam a22001337a 4500
040 ## - CATALOGING SOURCE
Transcribing agency RUA
082 ## - DEWEY DECIMAL CLASSIFICATION NUMBER
Classification number AGR SOK 2000 B026 Or.1
100 ## - MAIN ENTRY--AUTHOR NAME
Personal name SOK, CHEA.
245 ## - TITLE STATEMENT
Title Study on farmer rice seeds and chemical fertilizer use under intergrated food security program kompot provice ការសិក្សាការប្រើប្រាស់ពូជស្រូវ​ និងជីគីមីរបស់កសិករក្រោមកម្មវិធីចំរុះដើម្បីសុវត្ថិភាពស្បៀង ខេត្តកំពត
260 ## - PUBLICATION, DISTRIBUTION, ETC. (IMPRINT)
Place of publication PhnomPenh
Name of publisher RUA
Year of publication 2000
300 ## - PHYSICAL DESCRIPTION
Number of Pages 55p.
Other physical details ill.
Dimensions 29cm.
856 ## - ELECTRONIC LOCATION AND ACCESS
Uniform Resource Identifier https://drive.google.com/file/d/1tM1K7IYMGf7ZSJUAFvyr-6Vm2Vdep7Cy/view?usp=sharing
942 ## - ADDED ENTRY ELEMENTS (KOHA)
Koha item type AGR
952 ## - LOCATION AND ITEM INFORMATION (KOHA)
Withdrawn status [LOCAL, KOHA] 0
952 ## - LOCATION AND ITEM INFORMATION (KOHA)
Withdrawn status [LOCAL, KOHA] 0
952 ## - LOCATION AND ITEM INFORMATION (KOHA)
Withdrawn status [LOCAL, KOHA] 0
Holdings
Koha item type Barcode Lost status Permanent Location Current Location Date acquired Full call number
AGRRUA001930 Library Block BLibrary Block B2015-09-14AGR SOK 2000 B026 Or.1
AGRRUA001707 Library Block BLibrary Block B2015-09-14AGR SOK 2000 B026 Or.2
AGRRUA001918 Library Block BLibrary Block B2015-09-14AGR SOK 2000 B026 Or.3
មជ្ឈមណ្ឌលឯការនៃសាកលវិទ្យាល័យភូមិន្ទកសិកម្មចំការដូង

Powered by Koha